Library Banner

مآثر لاہور (Record no. 73781)

MARC details
000 -LEADER
fixed length control field 00423nam a22001457a 4500
005 - DATE AND TIME OF LATEST TRANSACTION
control field 20150811150410.0
008 - FIXED-LENGTH DATA ELEMENTS--GENERAL INFORMATION
fixed length control field 150811b xxu||||| |||| 00| 0 eng d
040 ## - CATALOGING SOURCE
Transcribing agency PK-LaUMT
082 ## - DEWEY DECIMAL CLASSIFICATION NUMBER
Classification number KHC 954.943
Item number HAS-M
100 ## - MAIN ENTRY--PERSONAL NAME
Personal name ہاشمی فرید آبادی
245 ## - TITLE STATEMENT
Title مآثر لاہور
Statement of responsibility, etc ہاشمی فرید آبادی
260 ## - PUBLICATION, DISTRIBUTION, ETC. (IMPRINT)
Place of publication, distribution, etc لاہور
Name of publisher, distributor, etc اداہ ثقافت اسلامیہ
Date of publication, distribution, etc 1956
300 ## - PHYSICAL DESCRIPTION
Extent 208 ص
942 ## - ADDED ENTRY ELEMENTS (KOHA)
Koha item type Books
Holdings
Withdrawn status Lost status Damaged status Home library Current library Date acquired Full call number Barcode Date last seen Price effective from Koha item type
      UMT Main Campus UMT Main Campus 2015-08-11 KHC 954.943 HAS-M 73440 2015-08-11 2015-08-11 Books